书目信息 |
| 题名: |
太阳能热水系统施工管理与验收
|
|
| 作者: | 孙如军 , 王会 , 袁家普 主编 | |
| 分册: | ||
| 出版信息: | 北京 清华大学出版社 2014 |
|
| 页数: | 11,288页 | |
| 开本: | 23cm | |
| 丛书名: | 太阳能热利用技术丛书 | |
| 单 册: | ||
| 中图分类: | TU822.1 | |
| 科图分类: | ||
| 主题词: | 太阳能水加热器--热水供应系统--工程验收 , 太阳能水加热器 , 太阳能水加热器--热水供应系统--施工管理 , 施工管理 , 热水供应系统 | |
| 电子资源: | ||
| ISBN: | 978-7-302-34358-5 | |
| 000 | 01273oam2 2200325 450 | |
| 001 | 141277 | |
| 005 | 20141106131951.25 | |
| 010 | @a978-7-302-34358-5@dCNY 35.00 | |
| 100 | @a20140528d2014 em y0chiy50 ea | |
| 101 | 0 | @achi |
| 102 | @aCN@b110000 | |
| 105 | @aa z 000yy | |
| 200 | 1 | @a太阳能热水系统施工管理与验收@9tai yang neng re shui xi tong shi gong guan li yu yan shou@b专著@f孙如军,袁家普,王会主编 |
| 210 | @a北京@c清华大学出版社@d2014 | |
| 215 | @a11,288页@c图@d23cm | |
| 225 | 2 | @a太阳能热利用技术丛书 |
| 300 | @a高等学校“专业综合改革试点”项目 | |
| 330 | @a本书分为两篇:第1篇为太阳能系统安装与验收,分别介绍了真空管热水器、平板集热系统、热水系统、建筑一体化安装及系统的调试和验收等;第2篇为施工现场管理,分别介绍了施工现场的组织管理、业务管理、施工计划、现场布置、技术管理、质量管理、成本控制、安全管理、文明施工及施工验收等。 | |
| 461 | 0 | @1001007112040 |
| 606 | 0 | @a太阳能水加热器@x热水供应系统@x工程验收 |
| 606 | 0 | @a太阳能水加热器 |
| 606 | 0 | @a太阳能水加热器@x热水供应系统@x施工管理 |
| 606 | 0 | @a施工管理 |
| 606 | 0 | @a热水供应系统 |
| 690 | @aTU822.1@v5 | |
| 701 | 0 | @a孙如军@9sun ru jun@4主编 |
| 701 | 0 | @a王会@9wang hui@4主编 |
| 701 | 0 | @a袁家普@9yuan jia pu@4主编 |
| 801 | 0 | @c20141106 |
| 905 | @a241430@dTU822.1@eS9301 | |
| 太阳能热水系统施工管理与验收/孙如军,袁家普,王会主编.-北京:清华大学出版社,2014 |
| 11,288页:图;23cm.-(太阳能热利用技术丛书) |
| 高等学校“专业综合改革试点”项目 |
| ISBN 978-7-302-34358-5:CNY 35.00 |
| 本书分为两篇:第1篇为太阳能系统安装与验收,分别介绍了真空管热水器、平板集热系统、热水系统、建筑一体化安装及系统的调试和验收等;第2篇为施工现场管理,分别介绍了施工现场的组织管理、业务管理、施工计划、现场布置、技术管理、质量管理、成本控制、安全管理、文明施工及施工验收等。 |
| ● |
| 相关链接 |
|
|
|
正题名:太阳能热水系统施工管理与验收
索取号:TU822.1/S9301
 
预约/预借
| 序号 | 登录号 | 条形码 | 馆藏地/架位号 | 状态 | 备注 |
| 1 | 0837447 | 208374472 | 建筑库201/201建筑库 50排6列2层/ [索取号:TU822.1/S9301] | 在馆 | |
| 2 | 0837448 | 208374481 | 建筑库201/201建筑库 50排6列2层/ [索取号:TU822.1/S9301] | 在馆 | |
| 3 | 0837449 | 208374490 | 建筑库201/201建筑库 50排6列2层/ [索取号:TU822.1/S9301] | 在馆 |